| 000 | 00610nam a2200193Ia 4500 | ||
|---|---|---|---|
| 003 | GCL | ||
| 008 | 140319s9999 xx 000 0 ara d | ||
| 040 |
_aGCL / _cGCL |
||
| 082 | 0 | 4 |
_a813.009 _bم ع |
| 100 | 1 | _aلويس عوض | |
| 245 | 1 | 0 |
_aعصر الرواية: مقال فى النوع الادبى / _cلويس عوض |
| 700 | 1 | _aنعيم عطية | |
| 700 | 1 | _aايفا نجلوس اخيروف | |
| 260 |
_a[S.N] : _bالهيئة القومية للبحث العلمى ، _c1985 |
||
| 300 | _a358 ص | ||
| 490 | _a | ||
| 650 | 0 | 4 | _aالقصة اليونانية المترجمة |
| 942 |
_2ddc _cBK |
||
| 999 |
_c59036 _d59036 |
||